| 000 | 02694cam a2200457 i 4500 | ||
|---|---|---|---|
| 999 |
_c10024 _d10024 |
||
| 001 | 43615529 | ||
| 003 | OCoLC | ||
| 005 | 20241126110723.0 | ||
| 008 | 000224t20002000ilu bd 001 0 eng | ||
| 010 | _a00026844 | ||
| 020 |
_a0226039331 _q(acid-free paper) |
||
| 020 |
_a9780226039336 _q(acid-free paper) |
||
| 035 | _atcgc264057 | ||
| 035 |
_a(OCoLC)43615529 _z(OCoLC)48835403 _z(OCoLC)811809654 _z(OCoLC)844539011 _z(OCoLC)1006469619 _z(OCoLC)1170244334 _z(OCoLC)1239778544 |
||
| 040 |
_aDLC _beng _erda _cDLC _dUKM _dMUQ _dBAKER _dNLGGC _dBTCTA _dYDXCP _dNNG _dBLC |
||
| 041 | 0 |
_agrc _aeng |
|
| 050 | 0 | 0 |
_aPA881 _b.B38 2000 |
| 050 | 4 |
_aPA881 _b.B38 1979 |
|
| 082 | 0 | 0 |
_a487.4 _221 _bDAN |
| 100 | 1 |
_aDanker, Frederick W. _0https://id.loc.gov/authorities/names/n50037371 _917420 |
|
| 245 | 1 | 2 |
_aA Greek-English lexicon of the New Testament and other early Christian literature / _crevised and edited by Frederick William Danker. |
| 246 | 1 |
_iAlso known by initialism: _aBDAG |
|
| 246 | 1 |
_iAlso known by initialism: _aBAGD |
|
| 246 | 3 | 1 | _aGreek English Lexicon of the New Testament |
| 250 | _aThird edition. | ||
| 264 | 1 |
_aChicago : _bUniversity of Chicago Press, _c[2000] |
|
| 264 | 4 | _c℗♭2000 | |
| 300 |
_alxxix, 1108 pages ; _c27 cm |
||
| 336 |
_atext _btxt _2rdacontent |
||
| 337 |
_aunmediated _bn _2rdamedia |
||
| 338 |
_avolume _bnc _2rdacarrier |
||
| 500 | _a"Based on Walter Bauer's Griechisch-deutsches Worterbuch zu den Schriften des Neuen Testaments und der fruhchristlichen Literatur, sixth edition, ed. Kurt Aland and Barbara Aland, with Viktor Reichmann and on previous English editions by W.F. Arndt, F.W. Gingrich, and F.W. Danker." | ||
| 504 | _aIncludes bibliographical references. | ||
| 630 | 0 | 0 |
_aBible. _pNew Testament _0https://id.loc.gov/authorities/names/n79023150 _vDictionaries _xEnglish. _0https://id.loc.gov/authorities/subjects/sh99001605 _92952 |
| 650 | 0 |
_aGreek language, Biblical _vDictionaries _xEnglish. _0https://id.loc.gov/authorities/subjects/sh2008105405 _92948 |
|
| 655 | 7 |
_aDictionaries. _2lcgft _0https://id.loc.gov/authorities/genreForms/gf2014026086 _93629 |
|
| 700 | 1 |
_aBauer, Walter, _d1877-1960. _tGriechisch-deutsches W©œrterbuch zu den Schriften des Neuen Testaments und der fr©ơhchristlichen Literatur. _917421 |
|
| 700 | 1 |
_aArndt, William F. _q(William Frederick), _d1880-1957. _tGreek-English lexicon of the New Testament and other early Christian literature. _0https://id.loc.gov/authorities/names/n81013104 _917422 |
|
| 776 | 0 | 8 |
_iOnline version: _aDanker, Frederick W. _tGreek-English lexicon of the New Testament and other early Christian literature. _b3rd ed. _dChicago : University of Chicago Press, c2000 _w(OCoLC)606428948 |
| 942 |
_2ddc _cLAN |
||